The history of the Lancashire Fusiliers, 1914-1918 /

Bibliographic Details
Main Author: Latter, John Cecil
Format: Book
Language:English
Published: Aldershot : Gale & Polden, 1949.
Subjects:

MARC

Tag First Indicator Second Indicator Subfields
LEADER 00000cam a2200000Ia 4500
001 in00001853021
005 20151026075236.0
008 810429s1949 enkab 001 0 eng d
035 |a (OCoLC)ocm07375118 
040 |a CSJ  |c CSJ  |d TXA  |d UtOrBLW 
049 |a TXAM 
090 |a D547.L35  |b L37 1949 
100 1 |a Latter, John Cecil. 
245 1 4 |a The history of the Lancashire Fusiliers, 1914-1918 /  |c by J.C. Latter. 
264 1 |a Aldershot :  |b Gale & Polden,  |c 1949. 
300 |a 2 volumes :  |b illustrations (some color), folded maps ;  |c 25 cm. 
336 |a text  |b txt  |2 rdacontent 
337 |a unmediated  |b n  |2 rdamedia 
338 |a volume  |b nc  |2 rdacarrier 
500 |a Includes index. 
500 |a Cushing Library Ragan Military copy part of the Alan Culpin Military History Collection. 
650 0 |a World War, 1914-1918  |x Regimental histories  |z Great Britain  |x Lancashire Fusiliers. 
610 1 0 |a Great Britain.  |b Army.  |b Lancashire Fusiliers. 
994 |a E0  |b TXA 
948 |a cataloged  |b h  |c 2004/7/15  |d c  |e mzajicek  |f 4:01:31 pm 
999 |a MARS 
999 f f |s 22900f90-1659-3a50-9ade-bc3c24870e98  |i 7e330546-3d62-344e-beb9-2ada038dca47  |t 0 
952 f f |p noncirc  |a Texas A&M University  |b College Station  |c Cushing Memorial Library & Archives  |d Cushing: Ragan Military (Does not check out)  |t 0  |e D547.L35 L37 1949  |h Library of Congress classification  |i unmediated -- volume  |k v.1  |m A14852131946 
952 f f |p noncirc  |a Texas A&M University  |b College Station  |c Cushing Memorial Library & Archives  |d Cushing: Ragan Military (Does not check out)  |t 0  |e D547.L35 L37 1949  |h Library of Congress classification  |i unmediated -- volume  |k v.2  |m A14852131953 
998 f f |a D547.L35 L37 1949  |s v.1-2  |t 0  |l Cushing: Ragan Military (Does not check out)